MDQL
is popping MORE tags! Check the
thread
!
Quizzes
Events
Quiz Creation
Community
Videos
Private Events
Remove Ads
Sign In
Join for FREE
Feedback
Dark Mode
Quiz Categories
Sports
Geography
Music
Movies
Television
Just For Fun
Miscellaneous
History
Literature
Language
Science
Gaming
Entertainment
Religion
Holiday
For Kids
Quiz Lab
Recent
Popular Today
Quiz Kudos Today
Editor Picks
Curator Picks
Quizzes by...
Day
Popularity
Type
Ratings
Length
Year
Community
Subscriptions
Recent Discussions
Orange Saloon
Badges
Playlists
Quests
Create
Leaderboards
Showdown
Live 5
Trivia Bingo
Activity
Puzzle Library
Sporcle Events
Private Events
Virtual Trivia
Globe League
Become a Host
Pub Owners
SporcleCon
Opinionation
Our Games
Videos
Blog
Mobile Apps
Partnerships
Remove Ads and Go Orange
Feedback
Music
Pop Music
The Beatles
Song
Album
Lyrics
Bands
Singers
Artist
Clip
Rock
Rap
Classical
Billboard
Country Music
Kpop
Taylor Swift
Music
Pop Music
The Beatles
Song
Album
Lyrics
Bands
Singers
Artist
Clip
Rock
Rap
Classical
Billboard
Country Music
Kpop
Taylor Swift
Random Quiz
Search Sporcle
×
Quiz Lab
Quiz Lab
Music
Song
Type in answers that appear in a list
Type in answers that appear in a list
Classic
Best Score? Go Orange.
Their Greatest Hits - Hair Metal Stats
Can you name the five highest charting hit singles for each pop-metal group?
By
Alstair
10m
60 Questions
345 Plays
345 Plays
345 Plays
Comments
Comments
Give Quiz Kudos
Give Quiz Kudos
-
- Ratings
hide this ad
Replay
Link that replays current quiz
Next Quiz
Link to next quiz in quiz playlist
You Got
0%
They Got
Avg Score
50%
Avg Friend Score
Upgrade to see
Score Distribution
Jump to the score distribution portion of the page
Score
0/60
Timer
10:00
0
Plays Today
Band
Song
% Correct
Bon Jovi
Livin' On A Prayer
92.2%
Van Halen
Jump
89.5%
Guns N' Roses
Sweet Child O' Mine
89%
Def Leppard
Pour Some Sugar On Me
87.8%
Guns N' Roses
Welcome To the Jungle
85.5%
Bon Jovi
You Give Love A Bad Name
83.4%
Poison
Every Rose Has Its Thorn
82.6%
Warrant
Cherry Pie
82.6%
Guns N' Roses
November Rain
82%
Mötley Crüe
Dr. Feelgood
81.4%
Mötley Crüe
Girls, Girls, Girls
81.1%
Guns N' Roses
Paradise City
80.8%
Whitesnake
Here I Go Again
79.9%
Def Leppard
Photograph
78.5%
Bon Jovi
Bad Medicine
73.8%
Night Ranger
Sister Christian
73.8%
Def Leppard
Hysteria
71.2%
Van Halen
Panama
70.9%
Poison
Talk Dirty To Me
68%
Warrant
Heaven
66.3%
Guns N' Roses
Patience
63.4%
Whitesnake
Is This Love?
63.1%
Def Leppard
Love Bites
62.5%
Cinderella
Don't Know What You Got (Till It's Gone)
61%
Winger
Seventeen
59.9%
Cinderella
Nobody's Fool
56.1%
Poison
Unskinny Bop
55.5%
Poison
Nothin' But A Good Time
54.9%
FireHouse
Love Of A Lifetime
49.4%
Bon Jovi
I'll Be There For You
48%
Band
Song
% Correct
Def Leppard
Armageddon It
48%
Mötley Crüe
Smokin' In the Boys Room
45.9%
Cinderella
Shake Me
45.9%
Van Halen
Why Can't This Be Love
43.9%
Mötley Crüe
Without You
42.7%
Poison
Something To Believe In
42.4%
Winger
Headed For A Heartbreak
40.7%
Warrant
Down Boys
39.8%
FireHouse
Don't Treat Me Bad
37.2%
Warrant
I Saw Red
36.9%
Mötley Crüe
Don't Go Away Mad (Just Go Away)
35.2%
Van Halen
When It's Love
32%
Van Halen
(Oh) Pretty Woman
31.4%
Winger
Miles Away
30.8%
Bon Jovi
Born To Be My Baby
30.2%
Warrant
Sometimes She Cries
26.5%
Cinderella
Shelter Me
26.2%
FireHouse
When I Look Into Your Eyes
25.6%
FireHouse
All She Wrote
25.3%
Cinderella
Coming Home
23.8%
Night Ranger
Sentimental Street
21.2%
Whitesnake
Fool For Your Loving
20.9%
Winger
Can't Get Enuff
18.6%
Winger
Easy Come, Easy Go
17.4%
Night Ranger
When You Close Your Eyes
17.4%
Whitesnake
The Deeper the Love
14.8%
Night Ranger
Goodbye
13.7%
Whitesnake
Give Me All Your Love
13.1%
Night Ranger
Four In the Morning (I Can't Take Anymore)
12.8%
FireHouse
I Live My Life For You
12.8%
Quiz Playlist
Details
Report
Send in Message
Add To Playlist
Classic:
Type in answers that appear in a list
Quiz Source
Last Updated: Feb 16, 2017
Quiz Scoreboard
CHALLENGE
Sign Up to Join the Scoreboard
Show All
Scores
Hide
Comments
May contain spoilers
Recently Published
Colored Red Africa Blitz
by spor1
Geography
30s
Find the 'City' Movie
by crazypaving
Movies
60s
5x2 Blitz: Bands
by SL_Kpop136
Music
30s
More to Explore
Quiz From the Vault
Featured Blog Post
14 Easter Pick-up Lines to Find Eggs With
hide this ad
You Might Also Like...
Tags
Song Quiz
Charting
Five
greatest
group
hair
highest
hit
metal
peak
Single
Today's Top Quizzes in Music
Browse Music
hide this ad
Today's Top Quizzes in Song
Browse Song
Top Contributed Quizzes in Music
1
5X2 Blitz: Bands II
2
Taylor Swift Logic Puzzle II
3
Taylor Swift All Songs (2024)
4
5X2 Blitz: The Beatles
5
5X2 Blitz: Billboard
6
5X2 Blitz: Singers
7
5X2 Blitz: Album
8
5X2 Blitz: Rock
9
Music Artist by Three 2010s hits
10
5X2 Blitz: Billboard II
Explore More
Trending Topics
Crossword
Kpop
Harry Potter
NBA
Disney
Anime
Marvel
Soccer
Puzzle
Country
NFL
Pokémon
The Office
WWE
Song
hide this ad
More By:
Alstair
Quiz
Plays
Rating
Category
Featured
Created
A Decade of iTunes
47,371
4.54
Music
Apr 27, 2013
Britain's Biggest Singles of the 2000s
23,484
4.68
Music
Oct 22, 2012
A Decade of iTunes (Albums)
8,806
4.18
Music
Apr 29, 2013
Top 100 Greatest Hair Metal Songs
8,091
4.56
Music
Apr 8, 2012
Billboard's Top 100 Albums of 1984
6,732
4.77
Music
Jan 30, 2012
Go to Creator's Profile
Score Distribution
Quiz Creator Spotlight
Alstair
Follow
Send a Message
Quizzes Created
-
Created Quiz Play Count
-
More By This Creator
Popular Quizzes Today
1
Find the 'City' Movie
2
5x2 Blitz: Bands
3
Colored Red Africa Blitz
4
Find the US States - No Outlines Minefield
5
The Countries of the World
6
Find the US States
7
9x9 Crossword: Cartoon Network
8
US States
More Music Quizzes
The Rolling Stones by any 3 letters (1964-1973)
Editor's Pick
Trending Quizzes
Colored Red Europe Blitz I
Colored Red Africa Blitz II
Colored Red Africa Blitz III
Colored Red Europe Blitz III
Colored Red Europe Blitz II
Recently Updated
Champions League XIs: Real Madrid
pecheneg
Largest US Cities 1790-2010
pecheneg
Rides in Walt Disney World
pecheneg
Most Oscar Losses (Acting)
pecheneg
Beyoncé Albums
pecheneg
Leaping Animals
pecheneg
Reality TV Shows (A-Z)
bhenderson79
Rickey Henderson's Hall of Fame Teammates
pecheneg
Champions League XIs: Arsenal
pecheneg
Quick Pick: Celebrities in WWE's Hall of Fame
aduchscher
Trending Topics
Crossword
Kpop
Disney
Marvel
Anime
NBA
Harry Potter
Song
Pokémon
Soccer
The Office
Puzzle
Country
WWE
NFL
Your Account Isn't Verified!
In order to create a playlist on Sporcle, you need to verify the email address you used during registration. Go to your
Sporcle Settings
to finish the process.
Report this User
Report this user for behavior that violates our
Community Guidelines
.
Details:
Send Report
Go to the Sporcle.com Mobile Site →
Comments